00949nam a2200229 a 450000100100000000500170001000800410002704000250006808200200009310000360011324500480014926000460019730000270024350000630027059000260033365000280035965000310038791000420041895201180046095201240057899900170070200001046520240412074218.0091007s1993 dr a r 001 p spa d aDO-SdBNPbspacBNPHU aRD861.44bM663p1 aMinaya, Leopoldo,d1963-91831410aPreeminencia del tiempo /cLeopoldo Minaya. aSanto Domingo :bCentro Editorial,c1993. a120 p. :bil ;c21 cm. aIncluye datos biográficos del autor en la contracubierta aInventariado, 2018/BT 0aPoesía dominicana966 0aLiteratura dominicana.967 aValidado. Control de calidad. MMOLINA 0010718PDaPDbPDcHDd2009-10-07iLF1l0oRD861.44 M663pp10465-10r2020-06-25w2020-06-25yLFPDZNo se presta 0010718PDaPDbPDcHDd2009-10-07iLF1l0oRD861.44 M663pp10465-20r2020-06-25te. 2w2020-06-25yLFPDZNo se presta c10224d10224